|
|
|
|
| LEADER |
01949cam a2200469Ia 4500 |
| 001 |
9781134816187 |
| 003 |
FlBoTFG |
| 005 |
20101014212025.0 |
| 006 |
a|||||s||||||||||| |
| 007 |
cr|||| |
| 008 |
101014m19971999enkab sb 101 0 eng d |
| 010 |
|
|
|a 96044969
|
| 020 |
|
|
|a 9780203208793 (e-book : PDF)
|
| 040 |
|
|
|a FlBoTFG
|c FlBoTFG
|d GrThAP
|
| 090 |
|
|
|a P140
|b .A73 1997
|
| 092 |
|
|
|a 417.7
|b A669
|
| 245 |
0 |
0 |
|a Archaeology and language
|h [electronic resource] /
|c edited by Roger Blench and Matthew Spriggs.
|
| 260 |
|
|
|a London ;
|a New York :
|b Routledge,
|c 1997-1999.
|
| 300 |
|
|
|a 4 v. :
|b ill., maps ;
|c 24 cm.
|
| 490 |
1 |
|
|a One world archaeology ;
|v 27, 29, 34-35
|
| 500 |
|
|
|a Papers presented at World Archaeological Congress, 3rd, 1994, New Delhi, India.
|
| 500 |
|
|
|a Vol. 2 has cover title: Archaeological data and linguistic hypotheses.
|
| 504 |
|
|
|a Includes bibliographical references and index.
|
| 505 |
0 |
|
|a v. 1. Theoretical and methodological orientations -- v. 2. Correlating archaeological and linguistic hypotheses -- v. 3. Artefacts, languages, and texts -- v. 4. Language change and cultural transformation.
|
| 530 |
|
|
|a Also available in print edition.
|
| 533 |
|
|
|a Electronic reproduction.
|b [London, Eng. :
|b Taylor and Francis,
|d 2010].
|n PDF file created from digital scan of print book.
|
| 650 |
|
0 |
|a Historical linguistics.
|
| 650 |
|
0 |
|a Linguistic paleontology.
|
| 650 |
|
0 |
|a Archaeology.
|
| 650 |
|
0 |
|a Oral tradition.
|
| 650 |
|
0 |
|a Prehistoric peoples.
|
| 655 |
|
7 |
|a Electronic books.
|2 lcsh
|
| 700 |
1 |
|
|a Blench, R.
|
| 700 |
1 |
|
|a Spriggs, Matthew.
|
| 711 |
2 |
|
|a World Archaeological Congress
|n (3rd :
|d 1994 :
|c New Delhi, India)
|
| 776 |
1 |
|
|z 0415117607
|
| 776 |
1 |
|
|z 0415117615
|
| 776 |
1 |
|
|z 0415100542
|
| 776 |
1 |
|
|z 0415117860
|
| 776 |
1 |
|
|z 9780415117869
|
| 830 |
|
0 |
|a One world archaeology ;
|v 27, 29, 34-35.
|
| 856 |
4 |
0 |
|u http://www.tandfebooks.com/isbn/9780203208793
|z Full Text via HEAL-Link
|